| 000 | 00507nam a22001937a 4500 | ||
|---|---|---|---|
| 003 | CEME | ||
| 005 | 20210628203241.0 | ||
| 008 | 210122b xxu||||| |||| 00| 0 eng d | ||
| 020 | _a0-471-40827-1 | ||
| 040 | _c. | ||
| 082 | _a515 CAL | ||
| 100 |
_aHughes-Hallett, Deborah, Mccallum, William G,Gleason , A.M _964286 |
||
| 245 | _aCalculus, single and multivariable | ||
| 250 | _a3RD | ||
| 260 |
_aNEW YORK _bJOHN WILEY _c2002 |
||
| 300 | _aXX,1004 P | ||
| 650 |
_aCALCULUS. _922795 |
||
| 942 |
_cBK _2ddc |
||
| 999 |
_c572829 _d572829 |
||